LEADER 00971nam a2200289 i 4500 001 991000910009707536 005 20020507175658.0 008 970605s1967 us ||| | eng 035 $ab10774440-39ule_inst 035 $aLE01304178$9ExL 040 $aDip.to Matematica$beng 082 0 $a515.2433 084 $aAMS 42-02 084 $aAMS 42A 100 1 $aEdwards, Robert E.$0334907 245 10$aFourier series :$ba modern introduction /$cR. E. Edwards 260 $aNew York :$bHolt, Rinehart and Winston,$c1967 300 $a2 v. ;$c23 cm. 500 $aIncludes index. 500 $aBibliography: v. 1, p. 207-211 650 4$aFourier series 907 $a.b10774440$b21-09-06$c28-06-02 912 $a991000910009707536 945 $aLE013 42-XX EDW11 (1967)$g1$i2013000085678$lle013$o-$pE0.00$q-$rl$s- $t0$u0$v0$w0$x0$y.i10873211$z28-06-02 996 $aFourier series$979534 997 $aUNISALENTO 998 $ale013$b01-01-97$cm$da $e-$feng$gus $h0$i1 LEADER 02332nam 2200577 450 001 9910825657403321 005 20230801234558.0 010 $a88-921-5228-9 035 $a(CKB)3710000000453035 035 $a(EBL)2097437 035 $a(SSID)ssj0001576558 035 $a(PQKBManifestationID)16245713 035 $a(PQKBTitleCode)TC0001576558 035 $a(PQKBWorkID)14854957 035 $a(PQKB)10106223 035 $a(MiAaPQ)EBC2097437 035 $a(EXLCZ)993710000000453035 100 $a20150801h20122012 uy 0 101 0 $aita 135 $aur|n|---||||| 181 $ctxt 182 $cc 183 $acr 200 10$aDall'insolvenza al sovraindebitamento $eInteresse del debitore alla liberazione e ristrutturazione dei debiti /$fEnza Pellecchia 210 1$aTurin, Italy :$cG. Giappichelli Editore,$d2012. 210 4$dİ2012 215 $a1 online resource (261 p.) 225 1 $aStudi Di Diritto Privato ;$v46 300 $aDescription based upon print version of record. 311 $a88-348-3621-9 327 $aCover; Quartino ok; Dedica; Citazione; Indice; Introduzione; Capitolo I - Insolvenza e sovraindebitamento; Capitolo II - Le regole sulla contrattazione come possibile argine al sovraindebitamento; Capitolo III - L'incerto emergere del paradigma del "credito responsabile"; Capitolo IV - Modelli di trattamento del sovraindebitamento. Pacta sunt servanda?; Capitolo V - La legge n. 3/2012 e la procedura per la composizione delle crisi da sovraindebitamento. L'interesse del debitore alla ristrutturazione dei debiti; Capitolo VI - Il d.l. n. 179/2012 e il sovraindebitamento del consumatore 410 0$aStudi di Diritto Privato; Collana diretta da F.D. Busnelli, S. Patti, V. Scalisi, P. Zatti 606 $aDebtor and creditor$zItaly 606 $aDebt relief$zItaly 606 $aBankruptcy$zItaly 606 $aBankruptcy 606 $aDebt relief 615 0$aDebtor and creditor 615 0$aDebt relief 615 0$aBankruptcy 615 0$aBankruptcy. 615 0$aDebt relief. 676 $a346.45077 700 $aPellecchia$b Enza$0478092 801 0$bMiAaPQ 801 1$bMiAaPQ 801 2$bMiAaPQ 906 $aBOOK 912 $a9910825657403321 996 $aDall'insolvenza al sovraindebitamento$9265278 997 $aUNINA